Normal view
MARC view
Entry Personal Name
001 - CONTROL NUMBER
- control field: 9907
003 - CONTROL NUMBER IDENTIFIER
- control field: OSt
005 - DATE AND TIME OF LATEST TRANSACTION
- control field: 20160701170512.0
008 - FIXED-LENGTH DATA ELEMENTS
- fixed length control field: 160701|| aca||aabn | a|a d
040 ## - CATALOGING SOURCE
- Original cataloging agency: OSt
- Transcribing agency: OSt
100 ## - HEADING--PERSONAL NAME
- Personal name: Hricak,Hedvig;Husband,Janet;Panicek,M.David;
670 ## - SOURCE DATA FOUND
- Source citation: Work cat.: (OSt): Hricak,Hedvig;Husband,Janet;Panicek,M.David;, Oncologic Imaging;, 2007.
